| 000 | 01179cam a2200361 a 4500 | ||
|---|---|---|---|
| 001 | 719 | ||
| 003 | FISKH | ||
| 005 | 20230703151314.0 | ||
| 008 | 800819s1981 nyua j 000 1 eng | ||
| 010 | _a 80023526 | ||
| 020 | _a0525359052 | ||
| 040 |
_aDLC _cDLC _dDLC _beng |
||
| 042 | _alcac | ||
| 050 | 0 | 0 |
_aPZ7.R8139 _bNi 1981 |
| 082 | 0 | 0 |
_a[Fic] _219 |
| 100 | 1 |
_aRoy, Ron, _d1940- |
|
| 245 | 1 | 0 |
_aNightmare Island / _cby Ron Roy ; illustrated by Robert MacLean. |
| 250 | _a1st ed. | ||
| 260 |
_aNew York : _bDutton, _c1981. |
||
| 300 |
_a69 pages. : _billustrations ; _c22 cm. |
||
| 500 | _a"A Unicorn book." | ||
| 505 | _aM | ||
| 520 | _aOn their first solo camping trip to Little Island off the coast of Maine, Harley and his younger brother are engulfed by a fire that starts on an oil slick in the water and moves onto the island. | ||
| 521 | 8 |
_a700
_bLexile |
|
| 521 | 8 |
_aM
_bRaz-Plus |
|
| 650 | 1 |
_aCamping _xFiction. |
|
| 650 | 1 |
_aFires _xFiction. |
|
| 650 | 1 |
_aSurvival _xFiction. |
|
| 650 | 1 |
_aBrothers _xFiction. |
|
| 700 | 1 |
_aMacLean, Robert, _d1926- _eillustrator. |
|
| 906 |
_a7 _bcbc _corignew _du _eocip _f19 _gy-gencatlg |
||
| 942 |
_2ddc _cBK _n0 |
||
| 999 |
_c719 _d719 |
||